Statistics for World Cup Hosts 1930 - 2034

Click here to take the quiz!

General Stats

  • This quiz has been taken 8 times
  • The average score is 111 of 220

Answers on the Map

Answers color-coded by a green-red scale on the quiz's map according to % correct below.
 

Answer Stats

Answer% Correct
Arlington
88%
Ciudad Nezahualcóyotl
88%
Dallas
88%
East Rutherford
88%
Foxborough
88%
Inglewood
88%
Kansas City
88%
Lyon
88%
Mexico City
88%
Miami Gardens
88%
Pasadena
88%
Philadelphia
88%
Rio de Janeiro
88%
Santa Clara
88%
Seattle
88%
Stanford
88%
Atlanta
75%
Barcelona
75%
Berlin
75%
Bordeaux
75%
Buenos Aires
75%
Chicago
75%
Dortmund
75%
Guadalajara
75%
Houston
75%
Johannesburg
75%
London
75%
Lusail
75%
Madrid
75%
Manchester
75%
Marseille
75%
Milan
75%
Moscow
75%
Orlando
75%
Pontiac
75%
Rome
75%
St. Petersburg
75%
Strasbourg
75%
Toronto
75%
Turin
75%
Vancouver
75%
Washington D.C.
75%
(West) Berlin
75%
Yokohama
75%
Zapopan
75%
Al Rayyan
63%
Al Wakrah
63%
Birmingham
63%
Brasília
63%
Busan
63%
Doha
63%
Florence
63%
Frankfurt
63%
Geneva
63%
Gothenburg
63%
Hamburg
63%
Lille
63%
Liverpool
63%
Malmö
63%
Manaus
63%
Montevideo
63%
Munich
63%
Nantes
63%
Naples
63%
Pretoria
63%
Riyadh
63%
Rosario
63%
Santiago
63%
Santiago de Querétaro
63%
São Paulo
63%
Seoul
63%
Solna
63%
Bari
50%
Bern
50%
Bilbao
50%
Bloemfontein
50%
Bologna
50%
Cape Town
50%
Cologne
50%
Colombes
50%
Curitiba
50%
Durban
50%
Düsseldorf
50%
Fortaleza
50%
Guadalupe
50%
Hanover
50%
Incheon
50%
Leipzig
50%
León
50%
Monterrey
50%
Niigata
50%
Osaka
50%
Paris
50%
Saint-Denis
50%
Sapporo
50%
Seville
50%
Stuttgart
50%
Sunderland
50%
Vigo
50%
Basel
38%
Belo Horizonte
38%
Córdoba
38%
Cuiabá
38%
Daegu
38%
Gelsenkirchen
38%
Genoa
38%
Gwangju
38%
Jeddah
38%
Kaliningrad
38%
Kazan
38%
Kobe
38%
Le Havre
38%
Málaga
38%
Mar del Plata
38%
Mendoza
38%
Middlesbrough
38%
Natal
38%
Nizhny Novgorod
38%
Norrköping
38%
Nuremberg
38%
Palermo
38%
Porto Alegre
38%
Puebla
38%
Recife
38%
Rifu
38%
Salvador
38%
Samara
38%
Sheffield
38%
Sochi
38%
Toluca
38%
Toulouse
38%
Trieste
38%
Ulsan
38%
Valencia
38%
Verona
38%
Zaragoza
38%
Zürich
38%
A Coruña
25%
Alicante
25%
Arica
25%
Cagliari
25%
Daejeon
25%
Dammam
25%
Elche
25%
Gijón
25%
Gqeberha
25%
Halmstad
25%
Helsingborg
25%
Kaiserslautern
25%
Lausanne
25%
Lens
25%
Lugano
25%
Montpellier
25%
Neom
25%
Ōita
25%
Örebro
25%
Oviedo
25%
Polokwane
25%
Reims
25%
Rostov-on-Don
25%
Saint-Étienne
25%
Saitama
25%
Saransk
25%
Seogwipo
25%
Shizuoka
25%
Taif
25%
Udine
25%
Valladolid
25%
Västerås
25%
Viña del Mar
25%
Volgograd
25%
Yekaterinburg
25%
Al Khobar
13%
Al Khor
13%
Antibes
13%
Borås
13%
Buraidah
13%
Eskilstuna
13%
Irapuato
13%
Jeonju
13%
Kashima
13%
Mbombela
13%
Rancagua
13%
Rustenburg
13%
Sandviken
13%
Suwon
13%
Uddevalla
13%
Qiddiya
0%

Score Distribution

Percentile by Number Answered

Percent of People with Each Score

Your Score History

You have not taken this quiz